Wuthering Waves Characters - Statistics

General Stats
  • This quiz has been taken 177 times
    172 since last reset
  • The average score is 14 of 20
Answer Stats
Type Weapon Answer % Correct
Electro Broadblade Calcharo
88%
Havoc/Spectro Sword Rover
86%
Fusion Sword Changli
83%
Fusion Rectifier Encore
81%
Aero Pistols Aalto
77%
Spectro Rectifier Verina
75%
Aero Broadblade Jiyan
74%
Fusion Pistols Chixia
73%
Electro Rectifier Yinlin
73%
Aero Sword Yangyang
72%
Fusion Pistols Mortefi
70%
Glacio Rectifier Baizhi
69%
Havoc Sword Danjin
65%
Glacio Sword Sanhua
64%
Spectro Broadblade Jinhsi
62%
Aero Gauntlets Jianxin
61%
Havoc Broadblade Taoqi
61%
Glacio Gauntlets Lingyan
57%
Electro Gauntlets Yuanwu
52%
Glacio Rectifier Zhezhi
52%
No matching quizzes found
Score Distribution
Percent of People with Each Score
Percentile by Number Answered
Your Score History
You have not taken this quiz since the last reset